Quyết tâm ngăn chặn và đẩy lùi tham nhũng
Gồm các bài phát biểu, bài viết, trả lời phỏng vấn của Tổng Bí thư, Chủ tịch nước Nguyễn Phú Trọng tại một số phiên họp Ban Chỉ đạo Trung ương về phòng, chống tham nhũng
Сохранить в:
| Главный автор: | |
|---|---|
| Формат: | |
| Язык: | Undetermined |
| Опубликовано: |
Hà Nội
Chính trị Quốc gia Sự thật
2019
|
| Предметы: | |
| Метки: |
Добавить метку
Нет меток, Требуется 1-ая метка записи!
|
| Thư viện lưu trữ: | Trung tâm Học liệu Trường Đại học Cần Thơ |
|---|
| LEADER | 00851nam a2200193Ia 4500 | ||
|---|---|---|---|
| 001 | CTU_235828 | ||
| 008 | 210402s9999 xx 000 0 und d | ||
| 082 | |a 353.4609597 | ||
| 082 | |b Tr431 | ||
| 100 | |a Nguyễn, Phú Trọng | ||
| 245 | 0 | |a Quyết tâm ngăn chặn và đẩy lùi tham nhũng | |
| 245 | 0 | |c Nguyễn Phú Trọng | |
| 260 | |a Hà Nội | ||
| 260 | |b Chính trị Quốc gia Sự thật | ||
| 260 | |c 2019 | ||
| 520 | |a Gồm các bài phát biểu, bài viết, trả lời phỏng vấn của Tổng Bí thư, Chủ tịch nước Nguyễn Phú Trọng tại một số phiên họp Ban Chỉ đạo Trung ương về phòng, chống tham nhũng | ||
| 650 | |a Tham nhũng,Corruption | ||
| 910 | |b nthai | ||
| 980 | |a Trung tâm Học liệu Trường Đại học Cần Thơ | ||